000 00462nam a22001817a 4500
003 NUST - PNEC
005 20170116180916.0
008 150904b xxu||||| |||| 00| 0 eng d
020 _a8121905338
040 _cLIBRARY
082 _a620.112 KHU
100 _97462
_aKhurmi, R. S.
245 _aStrength of materials (MKS and SI units)
_cR. S.Khurmi
250 _a1st ed
260 _cc1968.
650 _97463
_aStrength of materials
_xME
942 _2ddc
_cBK
999 _c65472
_d65472